00399nam a22001577a 4500003000400000005001700004008004100021020001500062050002100077100002000098245004500118260003300163300003000196521000700226526000800233OSt20140310184526.0131022t xxu||||| |||| 00| 0 eng d a0439148073 aPZ 7b.C5792 198 aCleary, Beverly aRamona Quimby, age 8 /cCleary, Beverly. aNew York : bMorrow, c1981. a190 p. : bill. ; c21 cm aG6 c860